Foundations of Computer Science (Record no. 1933)

MARC details
005 - DATE AND TIME OF LATEST TRANSACTION
control field 20250505125730.0
020 ## - INTERNATIONAL STANDARD BOOK NUMBER
International Standard Book Number 978-978-140-805-2
082 ## - DEWEY DECIMAL CLASSIFICATION NUMBER
Classification number LECT 005.113 FOR
100 ## - MAIN ENTRY--PERSONAL NAME
Author name FOROZAN B.
245 ## - TITLE STATEMENT
Title Foundations of Computer Science
250 ## - EDITION STATEMENT
Edition statement 2nd ED.
260 ## - PUBLICATION, DISTRIBUTION, ETC.
Place of publication, distribution, etc. London,
Name of publisher, distributor, etc. South-Western / BookPower,
Date of publication, distribution, etc. 2008.
300 ## - PHYSICAL DESCRIPTION
Extent xv, 624p.: ill.; charts, figures, tables,
Other physical details Glossary, index,
Dimensions 24cm.
856 ## - ELECTRONIC LOCATION AND ACCESS
Link text Access Online Book
Electronic name Foundations of Computer Science
Path clsuk.permissions@cengage.com
942 ## - ADDED ENTRY ELEMENTS (KOHA)
Source of classification or shelving scheme Dewey Decimal Classification
Koha item type Books
Holdings
Date last seen Total checkouts Full call number Barcode Cost, replacement price Price effective from Koha item type Lost status Source of classification or shelving scheme Damaged status Not for loan Withdrawn status Home library Current library Shelving location Date acquired Cost, normal purchase price
05/05/2025   LECT 005.113 FOR 0000007483 270000.00 05/05/2025 Books   Dewey Decimal Classification       College of Business Education Main Library College of Business Education Main Library General Collection 06/17/2014 90000.00
05/06/2025   LECT 005.113 FOR 0000007737 270000.00 05/06/2025 Books   Dewey Decimal Classification       College of Business Education Main Library College of Business Education Main Library General Collection 06/17/2014 90000.00